How do dinosaurs eat their food?. (Record no. 111834)
[ view plain ]
| 000 -LEADER | |
|---|---|
| fixed length control field | 00320nam a2200121 a 4500 |
| 005 - DATE AND TIME OF LATEST TRANSACTION | |
| control field | 20140414131923.0 |
| 008 - FIXED-LENGTH DATA ELEMENTS--GENERAL INFORMATION | |
| fixed length control field | 101023s19uu xx 00 eng d |
| 050 ## - LIBRARY OF CONGRESS CALL NUMBER | |
| Classification number | ER |
| Item number | H83 2005 |
| 100 ## - MAIN ENTRY--PERSONAL NAME | |
| Personal name | Yolen, Jane |
| 245 ## - TITLE STATEMENT | |
| Title | How do dinosaurs eat their food?. |
| 260 ## - PUBLICATION, DISTRIBUTION, ETC. (IMPRINT) | |
| Place of publication, distribution, etc | New York : |
| Name of publisher, distributor, etc | Blue sky press, |
| Date of publication, distribution, etc | 2005. |
| Withdrawn status | Lost status | Damaged status | Home library | Current library | Shelving location | Date acquired | Total Checkouts | Full call number | Barcode | Date last seen | Price effective from | Koha item type |
|---|---|---|---|---|---|---|---|---|---|---|---|---|
| Munich Library | Munich Library | Easy Reading Section | 10/23/2010 | ER H83 2005 | M2736 | 04/14/2014 | 04/14/2014 | Books |